<?xml version="1.0" encoding="UTF-8"?>
<marc:record xmlns:marc="http://www.loc.gov/MARC21/slim">
   <marc:leader>00000nam a2200000 a 4500</marc:leader>
   <marc:datafield ind1="1" ind2=" " tag="100">
      <marc:subfield code="a">Hilmes, Oliver</marc:subfield>
      <marc:subfield code="4">aut</marc:subfield>
      <marc:subfield code="e">Verfasser/-in</marc:subfield>
   </marc:datafield>
   <marc:datafield ind1=" " ind2=" " tag="653">
      <marc:subfield code="a">Berlin</marc:subfield>
   </marc:datafield>
   <marc:datafield ind1=" " ind2=" " tag="653">
      <marc:subfield code="a">30er-Jahre</marc:subfield>
   </marc:datafield>
   <marc:datafield ind1="0" ind2="0" tag="245">
      <marc:subfield code="a">Das Verschwinden des Dr. Mühe</marc:subfield>
   </marc:datafield>
   <marc:datafield ind1="0" ind2="0" tag="245">
      <marc:subfield code="b">Eine Kriminalgeschichte aus dem Berlin der 30er Jahre</marc:subfield>
   </marc:datafield>
   <marc:datafield ind1=" " ind2="1" tag="264">
      <marc:subfield code="b">Penguin Verlag</marc:subfield>
      <marc:subfield code="c">2020</marc:subfield>
   </marc:datafield>
   <marc:datafield ind1="1" ind2=" " tag="520">
      <marc:subfield code="a">Ein angesehener Arzt verschwindet über Nacht. Sein Sportwagen wird verlassen am Ufer eines Sees bei Berlin gefunden. Die Mordkommission ermittelt und stößt hinter der sorgsam gepflegten Fassade des ehrenwerten Doktors auf die Spuren eines kriminellen Doppellebens, das von Berlin nach Barcelona führt. Oliver Hilmes hat die Akten dieses aufsehenerregenden Kriminalfalls aus der Spätzeit der Weimarer Republik im Berliner Landesarchiv entdeckt. Auf der Basis dieser Dokumente und angereichert mit fiktionalen Elementen, setzt er das mysteriöse Puzzle zusammen. Auf packende Weise und höchst raffiniert erzählt er von der Suche nach Wahrheit und von den Abgründen der bürgerlichen Existenz am Vorabend der Diktatur.</marc:subfield>
   </marc:datafield>
   <marc:datafield ind1=" " ind2=" " tag="020">
      <marc:subfield code="a">9783328601388</marc:subfield>
      <marc:subfield code="9">9783328601388</marc:subfield>
   </marc:datafield>
</marc:record>
